000 00895cam a2200313 4500
001 ABS66125
008 021126n2002 000 0 eng u
035 _a(Sirsi) u120577
245 _aFocus 2002: office and business parks
260 _c2002
490 _aEstates Gazette
_v(0244) 2 November 2002, 91-129(20)
590 _aABS
650 _aPROPERTY-COMMERCIAL PROPERTY-OFFICE PROPERTY-OFFICE PROPERTY MARKET
650 _aBUSINESS PARKS
650 _aOFFICE RENTS
650 _aINDIA
650 _aCALL CENTRES
650 _aPROPERTY INVESTMENT
650 _aPROPERTY DEVELOPERS
650 _aSERVICED OFFICES
650 _aINTERNATIONAL OCCUPIERS
650 _aUS COMPANIES
650 _aEUROPE
650 _aOFFICE OCCUPIERS
650 _aFUNDING
650 _aTRANSPORT LINKS
690 _aPROPERTY-COMMERCIAL PROPERTY-COMMERCIAL PROPERTY MARKET
942 _n0
999 _c71634
_d71634